Fungi : A description of their morphological features and evolutionary development (Record no. 70630)

MARC details
000 -LEADER
fixed length control field 00779nam a2200265Ia 4500
003 - CONTROL NUMBER IDENTIFIER
control field OSt
005 - DATE AND TIME OF LATEST TRANSACTION
control field 20220912151526.0
008 - FIXED-LENGTH DATA ELEMENTS--GENERAL INFORMATION
fixed length control field 220909b |||||||| |||| 00| 0 eng d
037 ## - SOURCE OF ACQUISITION
Terms of availability Textual
040 ## - CATALOGING SOURCE
Original cataloging agency CSL
Language of cataloging eng
Transcribing agency CSL
041 ## - LANGUAGE CODE
Language code of text/sound track or separate title eng
100 ## - MAIN ENTRY--PERSONAL NAME
Personal name Gaumann Ernst Albert
245 #0 - TITLE STATEMENT
Title Fungi : A description of their morphological features and evolutionary development
260 ## - PUBLICATION, DISTRIBUTION, ETC.
Place of publication, distribution, etc. New York
Name of publisher, distributor, etc. Hafner
Date of publication, distribution, etc. 1952
300 ## - PHYSICAL DESCRIPTION
Extent 418p.
Dimensions cm. Ill
500 ## - GENERAL NOTE
General note Appendix p.
-- cm.370-371.The fungi imperfect.; Bibliography p.
-- cm.373-400.
650 ## - SUBJECT ADDED ENTRY--TOPICAL TERM
Topical term or geographic name entry element Fungi
650 ## - SUBJECT ADDED ENTRY--TOPICAL TERM
Topical term or geographic name entry element Botany
942 ## - ADDED ENTRY ELEMENTS (KOHA)
Classification part I23:2, J2
Koha item type Textual
Source of classification or shelving scheme Colon Classification (CC)
Holdings
Withdrawn status Lost status Damaged status Not for loan Home library Current library Date acquired Total Checkouts Full call number Barcode Date last seen Price effective from Koha item type
        Central Science Library Central Science Library 2022-09-12   I23:2 J2 SL0187216 2022-09-12 2022-09-12 Textual
Copyright @ Delhi University Library System